Personnages de Grey's Anatomy - Statistiques

Statistiques générales
  • Ce quiz a été pris 3 586 fois
    238 depuis la dernière actualisation
  • Le résultat moyen est 20 sur 39
Statistiques - réponses
Première apparition Dernière apparition Personnages % Correct
1x01 - Meredith Grey
99%
1x01 - Miranda Bailey
91%
1x01 11x24 Derek Shepherd
89%
1x01 16x16 Alex Karev
88%
1x01 11x22 Cristina Yang
87%
1x01 6x12 Izzie Stevens
87%
1x01 - Richard Webber
87%
1x01 6x01 George O'Malley
83%
2x18 9x02 Mark Sloan
82%
3x24 8x24 Lexie Grey
79%
2x19 12x24 Callie Torres
78%
5x11 20x04 Arizona Robbins
75%
6x05 18x20 Jackson Avery
70%
1x09 18x16 Addison Forbes-Montgomery
69%
6x05 18x20 April Kepner
69%
7x03 - Amelia Shepherd
68%
9x01 - Josephine Wilson
67%
5x01 - Owen Hunt
67%
1x01 3x25 Preston Burke
59%
6x09 - Teddy Altman
52%
10x23 20x09 Maggie Pierce
48%
11x24 17x09 Andrew DeLuca
46%
15x01 - Atticus "Link" Lincoln
39%
6x13 - Ben Warren
32%
9x01 13x24 Stephanie Edwards
30%
2x25 5x07 Erica Hahn
26%
9x01 10x24 Shane Ross
26%
14x01 - Levi Schmitt
24%
9x01 13x13 Leah Murphy
21%
12x06 14x05 Nathan Riggs
19%
18x01 21x08 Mika Yasuda
16%
18x01 - Jules Millin
15%
18x01 - Lucas Adams
14%
14x03 18x11 Tom Koracick
12%
16x19 - Winston Ndugu
12%
14x17 - Nick Marsh
11%
18x01 - Benson Kwan
9%
16x09 18x10 Cormac Hayes
9%
18x01 - Simone Griffith
8%
Aucun quiz correspondant
Distribution des résultats
% des personnes avec chaque résultat
Percentile par nombre de réponses
Votre historique - résultats
Vous n’avez pas pris ce quiz depuis la dernière actualisation